Frecuencia de parásitos intestinales en adultos mayores de tres fundaciones de la ciudad de Cartagena y factores / (Registro nro. 3061)

Detalles MARC
000 -LEADER
fixed length control field 02218nam a2200241 4500
001 - CONTROL NUMBER
control field 0000010943
005 - DATE AND TIME OF LATEST TRANSACTION
control field 20250329165417.0
008 - FIXED-LENGTH DATA ELEMENTS--GENERAL INFORMATION
fixed length control field 180709s2018 000 0 eng d
040 ## - CATALOGING SOURCE
Original cataloging agency CO-CtgCURN
Language of cataloging spa
Transcribing agency coctgcurn
082 0# - DEWEY DECIMAL CLASSIFICATION NUMBER
Classification number BAC 2018
Item number V152
100 1# - MAIN ENTRY--PERSONAL NAME
Personal name Valencia Salas, Jhon Jader.
245 10 - TITLE STATEMENT
Title Frecuencia de parásitos intestinales en adultos mayores de tres fundaciones de la ciudad de Cartagena y factores /
Statement of responsibility, etc. Jhon Jader Valencia Salas; Yuranis Patricia Herrera Cortés; Yurlenis Payares Castro; Directora Mavianis Pinilla Perez.
260 ## - PUBLICATION, DISTRIBUTION, ETC.
Place of publication, distribution, etc. Cartagena de Indias :
Name of publisher, distributor, etc. Corporación Universitaria Rafael Nuñez,
Date of publication, distribution, etc. 2018.
300 ## - PHYSICAL DESCRIPTION
Extent 57 h.
504 ## - BIBLIOGRAPHY, ETC. NOTE
Bibliography, etc. note Trabajo de grado (Bacteriologia). Corporación Universitaria Rafael Nuñez. Facultad de Ciencias de la salud. Bacteriologia, 2018.
520 ## - SUMMARY, ETC.
Summary, etc. Las parasitosis intestinales representan una de las patologías más comunes del hombre a nivel mundial, las cuales constituyen un problema en la población particularmente para los habitantes de países subdesarrollados, tropicales y subtropicales. Según la organización mundial de la salud (OMS), la prevalencia de infecciones parasitarias causadas por protozoos es alta respecto a las generadas por helmintos (1). La carga de morbilidad asociada con las infecciones por helmintos (esquistosomiasis y helmintiasis transmitidas por el suelo) es enorme; en el mundo hay al menos 2000 millones de personas afectadas. Cada vez más, se reconoce que esto constituye un importante problema de salud pública, especialmente en los países en desarrollo, donde prevalece la pobreza, la malnutrición, el saneamiento inadecuado, la falta de agua de bebida limpia y una atención sanitaria mínima.
650 #0 - SUBJECT ADDED ENTRY--TOPICAL TERM
Topical term or geographic name entry element Bacteriologia
Form subdivision Tesis y disertaciones academicas.
700 1# - ADDED ENTRY--PERSONAL NAME
Personal name Herrera Cortés, Yurani Patricia.
700 1# - ADDED ENTRY--PERSONAL NAME
Personal name Pinilla Pérez, Mavianis,
Relator term Tutora.
856 ## - ELECTRONIC LOCATION AND ACCESS
Uniform Resource Identifier <a href="https://unicurn.sharepoint.com/:b:/s/biblioteca/Ecwqq2AmVVFPsMx5BSpenNIBIM38iR_tgIdHAz3jtUjwhA?e=tZX2QN">https://unicurn.sharepoint.com/:b:/s/biblioteca/Ecwqq2AmVVFPsMx5BSpenNIBIM38iR_tgIdHAz3jtUjwhA?e=tZX2QN</a>
Public note Click aqui para ver el recurso en texto completo
942 ## - ADDED ENTRY ELEMENTS (KOHA)
Source of classification or shelving scheme Dewey Decimal Classification
Koha item type Trabajos de grado
Classification part BAC 2018
Item part V152
Existencias
Withdrawn status Lost status Source of classification or shelving scheme Damaged status Not for loan Home library Current library Shelving location Date acquired Source of acquisition Cost, normal purchase price Inventory number Total checkouts Full call number Barcode Date last seen Copy number Price effective from Koha item type
    Dewey Decimal Classification     Miguel Henríquez Emiliani Miguel Henríquez Emiliani Trabajo de grado 03/29/2025 El autor 350000.00 021521   BAC 2018 V152 021521 12/07/2018 1 12/07/2018 Trabajos de grado